No common ground (Record no. 70458)

MARC details
000 -LEADER
fixed length control field 01138cam a2200241 4500
001 - CONTROL NUMBER
control field WB3821-18
008 - FIXED-LENGTH DATA ELEMENTS--GENERAL INFORMATION
fixed length control field 020611n2002 000 0 eng u
035 ## - SYSTEM CONTROL NUMBER
System control number (Sirsi) u118369
245 ## - TITLE STATEMENT
Title No common ground
260 ## - PUBLICATION, DISTRIBUTION, ETC.
Date of publication, distribution, etc. 2002
490 ## - SERIES STATEMENT
Series statement Estates Gazette
Volume/sequential designation (0223) 08 June 2002
520 ## - SUMMARY, ETC.
Summary, etc. After "Hanning v Top Deck Travel Group Ltd" CA 1993 which left many householders without legitimate access to their homes across commons, parliament eventually took steps in the Countryside and Rights of Way Act 2000 s68 to put in place a scheme to legitimise these rights of access although the regulations under s68 of the Act are yet to be drafted. Reviews recent challenges: "Bakewell Management Ltd v Brandwood"and "R(on the application of Barron) v Surrey CC" .
590 ## - LOCAL NOTE (RLIN)
Local note WB
650 ## - SUBJECT ADDED ENTRY--TOPICAL TERM
Topical term or geographic name entry element RIGHTS OF ACCESS
650 ## - SUBJECT ADDED ENTRY--TOPICAL TERM
Topical term or geographic name entry element COMMONS
650 ## - SUBJECT ADDED ENTRY--TOPICAL TERM
Topical term or geographic name entry element COUNTRYSIDE AND RIGHTS OF WAY ACT 2000 S68
650 ## - SUBJECT ADDED ENTRY--TOPICAL TERM
Topical term or geographic name entry element HANNING V TOP DECK TRAVEL GROUP LTD
650 ## - SUBJECT ADDED ENTRY--TOPICAL TERM
Topical term or geographic name entry element LAW OF PROPERTY ACT 1925 S193 (4)
650 ## - SUBJECT ADDED ENTRY--TOPICAL TERM
Topical term or geographic name entry element R V SURREY CC EX P BARRON
650 ## - SUBJECT ADDED ENTRY--TOPICAL TERM
Topical term or geographic name entry element BAKEWELL MANAGEMENT LTD V BRANDWOOD AND OTHERS
690 ## - LOCAL SUBJECT ADDED ENTRY--TOPICAL TERM (OCLC, RLIN)
Topical term or geographic name as entry element PROPERTY
942 ## - ADDED ENTRY ELEMENTS (KOHA)
Suppress in OPAC 0
Holdings
Withdrawn status Lost status Source of classification or shelving scheme Damaged status Not for loan Home library Current library Shelving location Date acquired Total Checkouts Full call number Barcode Date last seen Copy number Price effective from Koha item type
    Dewey Decimal Classification     London London News article 11/06/2002   WB3821-18 118369-1001 06/08/2019 1 06/08/2019 News article